100k+ Uruguay Departments - Sudden Death - Statistics

General Stats
  • This quiz has been taken 12 times
  • The average score is 2 of 8
Answers on the Grid
Answers color-coded by a green-red scale on the quiz's grid according to % correct below.
Artigas
Canelones
Cerro Largo
Colonia
Durazno
Flores
Florida
Lavalleja
Maldonado
Montevideo
Paysandú
Río Negro
Rivera
Rocha
Salto
San José
Soriano
Tacuarembó
Treinte y Tres
 
Answer Stats
Answer % Correct
Montevideo
71%
Maldonado
43%
Paysandú
29%
Salto
29%
Colonia
14%
San José
14%
Canelones
0%
Rivera
0%
No matching quizzes found
Score Distribution
Percent of People with Each Score
Percentile by Number Answered
Your Score History
You have not taken this quiz